Statistics for United Kingdom Geography by Letter V - Picture Quiz

Click here to take the quiz!

General Stats

  • This quiz has been taken 110 times
  • The average score is 6 of 15

Answer Stats

Answer% Correct
British {Virgin} Islands
95%
HMS {Victory}
82%
{Vale} of Glamorgan
82%
{Victoria} Embankment
79%
{Villa} Park
58%
{Vauxhall} Bridge
55%
Ventnor
54%
{Virginia} Water
47%
Valley
35%
Sullom {Voe}
18%
Lake {Vyrnwy}
11%
Verwood
10%
Vatersay
6%
Saxa {Vord}
4%
{Vazon} Bay
3%

Score Distribution

Percentile by Number Answered

Percent of People with Each Score

Your Score History

You have not taken this quiz